Online
Catalog

Plan estratégico provincial de Santiago 2009-2012 / (Record no. 13719)

MARC details
000 -CABECERA
campo de control de longitud fija 01438nam a2200289 a 4500
001 - NÚMERO DE CONTROL
campo de control 000014117
003 - IDENTIFICADOR DEL NÚMERO DE CONTROL
campo de control DO-SdBNP
005 - FECHA Y HORA DE LA ÚLTIMA TRANSACCIÓN
campo de control 20250621074005.0
008 - DATOS DE LONGITUD FIJA--INFORMACIÓN GENERAL
campo de control de longitud fija 091204s2009 dr 000 0 spa d
040 ## - FUENTE DE LA CATALOGACIÓN
Centro catalogador/agencia de origen DO-SdBNP
Lengua de catalogación spa
Centro/agencia transcriptor BNPHU
082 #4 - NÚMERO DE LA CLASIFICACIÓN DECIMAL DEWEY
Número de clasificación 324.04
Número de documento/Ítem P273p
Número de edición 22
110 2# - ENTRADA PRINCIPAL--NOMBRE DE ENTIDAD CORPORATIVA
Nombre de entidad corporativa o nombre de jurisdicción como elemento de entrada Partido de la Liberación Dominicana
9 (RLIN) 31943
245 10 - MENCIÓN DE TÍTULO
Título Plan estratégico provincial de Santiago 2009-2012 /
Mención de responsabilidad, etc. dirección Ramón Ventura Camejo ; coordinador José Bienvenido Liriano ; colaboradores Marcos Villamán y Omar Fortuna.
246 24 - FORMA VARIANTE DE TÍTULO
Título propio/Titulo breve Un plan para triunfar
300 ## - DESCRIPCIÓN FÍSICA
Extensión 89 p. ;
Dimensiones 21 cm.
505 0# - NOTA DE CONTENIDO CON FORMATO
Información miscelánea Introducción --
Título Definición y principios del PLD --
-- Visión y misión --
-- Supuestos --
-- Ejes del Plan Estratégico de la provincia de Santiago --
-- Objetivos --
-- Líneas de acción --
-- Foro para el desarrollo provincial de Santiago 2008-2013 --
-- Agenda de desarrollo.
590 ## - NOTA LOCAL (RLIN)
Nota local Inventariado, 2018/BT
650 #4 - PUNTO DE ACCESO ADICIONAL DE MATERIA--TÉRMINO DE MATERIA
Término de materia o nombre geográfico como elemento de entrada Partidos políticos
Subdivisión geográfica Santiago de los Caballeros (República Dominicana)
9 (RLIN) 31944
650 #4 - PUNTO DE ACCESO ADICIONAL DE MATERIA--TÉRMINO DE MATERIA
Término de materia o nombre geográfico como elemento de entrada Planificación estratégica
Subdivisión geográfica Santiago de los Caballeros (República Dominicana)
9 (RLIN) 31945
651 #0 - PUNTO DE ACCESO ADICIONAL DE MATERIA--NOMBRE GEOGRÁFICO
Nombre geográfico República Dominicana
Subdivisión general Política y gobierno
9 (RLIN) 45
700 1# - PUNTO DE ACCESO ADICIONAL--NOMBRE DE PERSONA
Nombre de persona Ventura Camejo, Ramón,
Término indicativo de función/relación dir.
9 (RLIN) 26937
700 1# - PUNTO DE ACCESO ADICIONAL--NOMBRE DE PERSONA
Nombre de persona Liriano, José Bienvenido,
Término indicativo de función/relación coord.
9 (RLIN) 31946
700 1# - PUNTO DE ACCESO ADICIONAL--NOMBRE DE PERSONA
Nombre de persona Villamán, Marcos,
Término indicativo de función/relación colab.
9 (RLIN) 760
700 1# - PUNTO DE ACCESO ADICIONAL--NOMBRE DE PERSONA
Nombre de persona Fortuna, Omar,
Término indicativo de función/relación col.
9 (RLIN) 31947
910 ## - DATOS DE OPCIÓN DEL USUARIO (OCLC)
Datos de opción del usuario Validado. Control de calidad. EMS
942 ## - ELEMENTOS DE PUNTO DE ACCESO ADICIONAL (KOHA)
Fuente del sistema de clasificación o colocación Dewey Decimal Classification
Tipo de ítem Koha Libro
Holdings
Estado de retiro Estado de pérdida Restricciones de uso No para préstamo Código de colección Localización permanente Ubicación/localización actual Ubicación en estantería Fecha de adquisición Número de inventario Total de préstamos Signatura topográfica completa Código de barras Fecha visto por última vez Número de copia Precio válido a partir de Tipo de ítem Koha
        Dominicana de Servicio General General Depósito 04.12.2009 LF1   324.04 P273p 14117-30 25.06.2020 e. 3 25.06.2020 Libro y Folleto Colección Dominicana de Servicio
        Dominicana de Servicio General General Depósito 04.12.2009 LF1   324.04 P273p 14117-40 25.06.2020 e. 4 25.06.2020 Libro y Folleto Colección Dominicana de Servicio
        Dominicana de Servicio General General Depósito 04.12.2009 LF1   324.04 P273p 14117-50 25.06.2020 e. 5 25.06.2020 Libro y Folleto Colección Dominicana de Servicio
      Excluido de préstamo Patrimonio Dominicano Patrimonio Dominicano Patrimonio Dominicano Depósito 04.12.2009 LF1   324.04 P273p 14117-10 25.06.2020   25.06.2020 Libro y Folleto Colección Patrimonio Dominicano
      Excluido de préstamo Patrimonio Dominicano Patrimonio Dominicano Patrimonio Dominicano Depósito 04.12.2009 LF1   324.04 P273p 14117-20 25.06.2020 e. 2 25.06.2020 Libro y Folleto Colección Patrimonio Dominicano

Powered by Koha